[Event "Gorodets Small Kitezh op"]
[Site "Gorodets"]
[Date "2015.07.30"]
[Round "3"]
[White "Repin, Oleg"]
[Black "Platonova, Lubov"]
[Result "1-0"]
[WhiteElo "2168"]
[BlackElo "1885"]
[PlyCount "37"]
[EventDate "2015.07.29"]
[EventType "swiss"]
[EventRounds "9"]
[EventCountry "RUS"]
[SourceTitle "CBM 167 Extra"]
[Source "ChessBase"]
[SourceDate "2015.09.14"]
[SourceVersion "1"]
[SourceVersionDate "2015.09.14"]
[SourceQuality "1"]

1. d4 Nf6 2. c4 g6 3. Nc3 Bg7 4. e4 d6 5. Be2 0-0 6. Bg5 c6 7. Qd2 e5 8. d5 Qc7 9. h4 Ne8 10. h5 f6 11. Be3 a5 12. hxg6 hxg6 13. 0-0-0 Na6 14. Kb1 Qe7 15. c5 Nxc5 16. Bxc5 dxc5 17. d6 Qd7 18. Na4 b5 19. Nb6 1-0

[Event "Chigorin Memorial 19th"]
[Site "St Petersburg"]
[Date "2011.10.20"]
[Round "7"]
[White "Zamyshlyaev, Anatoly"]
[Black "Platonova, Lubov"]
[Result "1-0"]
[WhiteElo "2067"]
[BlackElo "1901"]
[PlyCount "61"]
[EventDate "2011.10.14"]
[EventType "swiss"]
[EventRounds "9"]
[EventCountry "RUS"]
[SourceTitle "CBM 144 Extra"]
[Source "ChessBase"]
[SourceDate "2011.10.28"]
[SourceVersion "1"]
[SourceVersionDate "2011.10.28"]
[SourceQuality "1"]

1. e4 c5 2. Nf3 d6 3. d4 cxd4 4. Qxd4 Nc6 5. Bb5 Bd7 6. Bxc6 bxc6 7. c4 Qb6 8. Qd3 Nf6 9. Nc3 Bg4 10. 0-0 Bxf3 11. Qxf3 Nd7 12. b3 e5 13. Qg3 0-0-0 14. Bd2 Rg8 15. Na4 Qc7 16. b4 Nb6 17. Nxb6+ Qxb6 18. b5 c5 19. a4 h6 20. Rfb1 Rd7 21. a5 Qb7 22. Qd3 Be7 23. a6 Qb6 24. Qd5 Bd8 25. Qc6+ Qc7 26. Ba5 Qxc6 27. bxc6 Re7 28. Rb7 Rxb7 29. axb7+ Kb8 30. Bxd8 Rxd8 31. Rxa7 1-0

[Event "Chigorin Memorial 19th"]
[Site "St Petersburg"]
[Date "2011.10.15"]
[Round "2"]
[White "Platonova, Lubov"]
[Black "Sukhareva, Evgenia"]
[Result "0-1"]
[WhiteElo "1901"]
[BlackElo "2213"]
[PlyCount "44"]
[EventDate "2011.10.14"]
[EventType "swiss"]
[EventRounds "9"]
[EventCountry "RUS"]
[SourceTitle "CBM 144 Extra"]
[Source "ChessBase"]
[SourceDate "2011.10.28"]
[SourceVersion "1"]
[SourceVersionDate "2011.10.28"]
[SourceQuality "1"]

1. c4 e6 2. Nc3 d5 3. d4 c6 4. e3 Nf6 5. Nf3 Nbd7 6. Bd3 dxc4 7. Bxc4 b5 8. Bb3 a6 9. 0-0 Bb7 10. Re1 c5 11. Bc2 Bd6 12. e4 cxd4 13. Nxd4 Qb8 14. h3 0-0 15. Bg5 h6 16. Bxf6 Nxf6 17. Qe2 Rd8 18. Rad1 Nd7 19. Bb1 Ne5 20. Qc2 Ng6 21. g3 Bc5 22. Nb3 Qxg3+ 0-1

[Event "Chigorin Memorial 17th"]
[Site "St Petersburg"]
[Date "2009.10.24"]
[Round "9"]
[White "Platonova, Lubov"]
[Black "Kalashnikov, Alexey L"]
[Result "0-1"]
[WhiteElo "1903"]
[BlackElo "2209"]
[PlyCount "74"]
[EventDate "2009.10.16"]
[EventType "swiss"]
[EventRounds "9"]
[EventCountry "RUS"]
[SourceTitle "CBM 132 Extra"]
[Source "ChessBase"]
[SourceDate "2009.11.03"]
[SourceVersion "1"]
[SourceVersionDate "2009.11.03"]
[SourceQuality "1"]

1. c4 Nf6 2. Nc3 d5 3. d4 g6 4. Nf3 Bg7 5. e3 0-0 6. Bd3 c5 7. 0-0 Nc6 8. cxd5 Nxd5 9. Nxd5 Qxd5 10. e4 Qd6 11. dxc5 Qxc5 12. Be3 Qb4 13. Rb1 Rd8 14. Qc2 Bg4 15. Be2 Rac8 16. Bc5 Qa5 17. b4 Qc7 18. Qb3 b6 19. Be3 Be6 20. Qa3 Ne5 21. Rbc1 Qb8 22. Nd4 Nc4 23. Bxc4 Bxc4 24. Rfd1 Qb7 25. f3 a6 26. Qb2 b5 27. Qf2 Rd7 28. Nb3 Rcd8 29. Rxd7 Qxd7 30. Nc5 Qd1+ 31. Qe1 Qxe1+ 32. Rxe1 Bc3 33. Rc1 Bxb4 34. Nxa6 Ba3 35. Rc3 Rd1+ 36. Kf2 Bd6 37. a4 Rf1# 0-1

[Event "Chigorin Memorial 17th"]
[Site "St Petersburg"]
[Date "2009.10.20"]
[Round "5"]
[White "Rjanova, Valery"]
[Black "Platonova, Lubov"]
[Result "1-0"]
[WhiteElo "2135"]
[BlackElo "1903"]
[PlyCount "45"]
[EventDate "2009.10.16"]
[EventType "swiss"]
[EventRounds "9"]
[EventCountry "RUS"]
[SourceTitle "CBM 132 Extra"]
[Source "ChessBase"]
[SourceDate "2009.11.03"]
[SourceVersion "1"]
[SourceVersionDate "2009.11.03"]
[SourceQuality "1"]

1. e4 c5 2. Nf3 d6 3. d4 cxd4 4. Nxd4 Nf6 5. Nc3 g6 6. Be3 Bg7 7. f3 0-0 8. Qd2 Nc6 9. Bc4 Bd7 10. 0-0-0 Rc8 11. Bb3 Ne5 12. h4 h5 13. Bg5 Rc5 14. Kb1 b5 15. g4 hxg4 16. h5 Nxh5 17. Rxh5 gxh5 18. Nd5 Rxd5 19. Bxd5 Qb6 20. Bxe7 Re8 21. Qg5 Ng6 22. Bf6 Re5 23. Qxg6 1-0

[Event "Chigorin Memorial 17th"]
[Site "St Petersburg"]
[Date "2009.10.19"]
[Round "4"]
[White "Platonova, Lubov"]
[Black "Zykova, Antonina"]
[Result "1/2-1/2"]
[WhiteElo "1903"]
[BlackElo "2094"]
[PlyCount "36"]
[EventDate "2009.10.16"]
[EventType "swiss"]
[EventRounds "9"]
[EventCountry "RUS"]
[SourceTitle "CBM 132 Extra"]
[Source "ChessBase"]
[SourceDate "2009.11.03"]
[SourceVersion "1"]
[SourceVersionDate "2009.11.03"]
[SourceQuality "1"]

1. c4 e5 2. Nc3 Nc6 3. g3 g6 4. Bg2 Bg7 5. e4 d6 6. d3 Nge7 7. Nge2 Be6 8. h3 Qd7 9. Be3 Nd4 10. Nd5 c6 11. Nxe7 Qxe7 12. 0-0 0-0 13. f4 f5 14. Rc1 Qd7 15. Kh2 Kh8 16. b3 Rae8 17. Nc3 Bg8 18. Qd2 a6 1/2-1/2

[Event "Kostroma Volga Cup op"]
[Site "Kostroma"]
[Date "2008.07.??"]
[Round "2"]
[White "Platonova, Lubov"]
[Black "Dagaev, Dmitry"]
[Result "0-1"]
[WhiteElo "1930"]
[BlackElo "2156"]
[PlyCount "112"]
[EventDate "2008.07.??"]
[EventType "swiss"]
[EventRounds "9"]
[EventCountry "RUS"]
[SourceTitle "EXT 2009"]
[Source "ChessBase"]
[SourceDate "2008.11.26"]
[SourceVersion "1"]
[SourceVersionDate "2008.11.26"]
[SourceQuality "1"]

1. c4 e5 2. Nc3 Nf6 3. e4 c5 4. g3 g6 5. Bg2 Bg7 6. Nge2 Nc6 7. d3 d6 8. h3 a6 9. 0-0 0-0 10. f4 exf4 11. gxf4 Nh5 12. Be3 Rb8 13. Rb1 Nd4 14. f5 Nxe2+ 15. Nxe2 Re8 16. Qd2 gxf5 17. Bh6 Qf6 18. Bg5 Qe5 19. d4 cxd4 20. Nf4 fxe4 21. Nxh5 e3 22. Bxe3 Qxe3+ 23. Qf2 Qxf2+ 24. Rxf2 Re3 25. Nxg7 Kxg7 26. Rd1 d3 27. Bf1 Bxh3 28. Bxd3 Rbe8 29. Kh2 Bg4 30. Rdd2 Rh3+ 31. Kg1 Ree3 32. Bf1 Rhg3+ 33. Kh2 Rgf3 34. Rxf3 Bxf3 35. Rxd6 Be2 36. Kg2 Bxf1+ 37. Kxf1 Re7 38. Kf2 h5 39. b4 f6 40. Kf3 Kg6 41. a4 Kg5 42. b5 axb5 43. axb5 Rc7 44. Rd5+ f5 45. c5 h4 46. b6 Rc6 47. Rd7 Rxc5 48. Rxb7 Rc3+ 49. Kg2 Rb3 50. Rb8 Kf4 51. b7 Rb2+ 52. Kh3 Rb1 53. Kg2 Rb3 54. Rh8 Rb2+ 55. Kg1 Rxb7 56. Rxh4+ Kg3 0-1

[Event "Kostroma Volga Cup op"]
[Site "Kostroma"]
[Date "2008.07.??"]
[Round "4"]
[White "Platonova, Lubov"]
[Black "Filonenko, Elena"]
[Result "1/2-1/2"]
[WhiteElo "1930"]
[BlackElo "1559"]
[PlyCount "86"]
[EventDate "2008.07.??"]
[EventType "swiss"]
[EventRounds "9"]
[EventCountry "RUS"]
[SourceTitle "EXT 2009"]
[Source "ChessBase"]
[SourceDate "2008.11.26"]
[SourceVersion "1"]
[SourceVersionDate "2008.11.26"]
[SourceQuality "1"]

1. c4 c6 2. d4 d5 3. e3 e6 4. Nc3 Nf6 5. Bd3 dxc4 6. Bxc4 Be7 7. Nf3 0-0 8. 0-0 Nbd7 9. Re1 b5 10. Bd3 a6 11. Bd2 Bb7 12. Rc1 c5 13. Bb1 Rc8 14. Ne5 Bd6 15. Nxd7 Qxd7 16. Ne2 Qc6 17. f3 Qd5 18. e4 Qh5 19. e5 Bb8 20. Nf4 Qh4 21. g3 Qh6 22. Nxe6 Qh3 23. Nf4 Qd7 24. exf6 Qxd4+ 25. Kg2 Qxf6 26. Qc2 g6 27. Bc3 Qg5 28. h4 Qg4 29. Re4 Bxe4 30. Qxe4 Qd7 31. Nd5 f5 32. Qd3 Qd6 33. Nf6+ Rxf6 34. Bxf6 Qxf6 35. Qd5+ Kf8 36. Rxc5 Qxb2+ 37. Bc2 Re8 38. Kh3 Qa1 39. Bxf5 Qe1 40. f4 Qf1+ 41. Kg4 Qe2+ 42. Kh3 Qf1+ 43. Kg4 Qe2+ 1/2-1/2

[Event "Nizhnij Novgorod Region-ch"]
[Site "Nizhnij Novgorod"]
[Date "2007.10.??"]
[Round "?"]
[White "Obraztsov, Yuri"]
[Black "Platonova, Lubov"]
[Result "1-0"]
[WhiteElo "2111"]
[BlackElo "1930"]
[PlyCount "97"]
[EventDate "2007.10.??"]
[EventType "swiss"]
[EventRounds "9"]
[EventCountry "RUS"]
[SourceTitle "EXT 2009"]
[Source "ChessBase"]
[SourceDate "2008.11.26"]
[SourceVersion "1"]
[SourceVersionDate "2008.11.26"]
[SourceQuality "1"]

1. e4 c5 2. Nf3 d6 3. Nc3 Nc6 4. Bb5 Bd7 5. d4 cxd4 6. Nxd4 Nf6 7. 0-0 g6 8. h3 Bg7 9. Nxc6 bxc6 10. Bc4 0-0 11. Bb3 Qc7 12. Qe2 e5 13. Rd1 Be6 14. Bxe6 fxe6 15. Qc4 Qd7 16. Qb4 d5 17. f3 a5 18. Qc5 Rfd8 19. Kh2 Bf8 20. Qf2 Qf7 21. Qh4 Be7 22. Qh6 Nh5 23. b3 Bh4 24. Bg5 Bg3+ 25. Kh1 Bf4 26. Bxf4 Nxf4 27. Qg5 Qg7 28. Rd2 h6 29. Qh4 Rf8 30. Rad1 Nh5 31. Ne2 a4 32. c4 d4 33. b4 Rfd8 34. a3 Kh7 35. g4 Qf6 36. Qxf6 Nxf6 37. Kg2 c5 38. b5 g5 39. Nc1 Nd7 40. Nd3 Kg6 41. Kg3 Kf6 42. Rh1 Ke7 43. h4 Kd6 44. hxg5 hxg5 45. Rh7 Nb6 46. Nb2 Rh8 47. Rdh2 Rxh7 48. Rxh7 Rg8 49. Rb7 1-0

[Event "RUS-ch (Women) 1st League 57th"]
[Site "Obninsk"]
[Date "2007.02.26"]
[Round "3"]
[White "Mokhova, Kristina"]
[Black "Platonova, Lubov"]
[Result "1-0"]
[WhiteElo "2108"]
[BlackElo "1982"]
[PlyCount "43"]
[EventDate "2007.02.24"]
[EventType "swiss"]
[EventRounds "9"]
[EventCountry "RUS"]
[SourceTitle "EXT 2010"]
[Source "ChessBase"]
[SourceDate "2010.11.25"]
[SourceVersion "1"]
[SourceVersionDate "2010.11.25"]
[SourceQuality "1"]

1. e4 c5 2. c3 d5 3. exd5 Qxd5 4. d4 Nc6 5. Nf3 Bg4 6. Be2 e6 7. 0-0 Nf6 8. h3 Bh5 9. Be3 cxd4 10. cxd4 Bb4 11. a3 Be7 12. Nc3 Qd8 13. Qb3 Rb8 14. Rfd1 Nd5 15. Rac1 0-0 16. Ne4 f5 17. Nc5 Bxc5 18. dxc5 Qe7 19. Re1 f4 20. Bd2 Bxf3 21. Bxf3 Nd4 22. Qxd5 1-0

[Event "Chigorin Memorial-B 14th"]
[Site "St Petersburg"]
[Date "2006.10.23"]
[Round "1"]
[White "Platonova, Lubov"]
[Black "Schekoldin, Vladislav"]
[Result "1-0"]
[WhiteElo "1947"]
[BlackElo "2200"]
[PlyCount "91"]
[EventDate "2006.10.23"]
[EventType "swiss"]
[EventRounds "9"]
[EventCountry "RUS"]
[SourceTitle "EXT 2007"]
[Source "ChessBase"]
[SourceDate "2006.11.23"]
[SourceVersion "1"]
[SourceVersionDate "2006.11.23"]
[SourceQuality "1"]

1. c4 c6 2. d4 d5 3. e3 Nf6 4. Nc3 a6 5. Bd3 g6 6. Nf3 Bg7 7. 0-0 0-0 8. Bd2 Bf5 9. Qe2 Ne4 10. cxd5 cxd5 11. Rac1 Nc6 12. Na4 Re8 13. Nc5 Qb6 14. b3 e5 15. Bxe4 dxe4 16. Nxe5 Nxe5 17. dxe5 Bxe5 18. g4 Bc8 19. Nxe4 Bxg4 20. Qxg4 f5 21. Nf6+ Qxf6 22. Qc4+ Kg7 23. f4 Bb2 24. Bc3 Bxc3 25. Qxc3 Rac8 26. Qxf6+ Kxf6 27. Kf2 Ke6 28. Rfd1 Rxc1 29. Rxc1 Kd6 30. Kf3 Re7 31. Rc2 b5 32. h4 a5 33. h5 gxh5 34. Rh2 Kc5 35. Rxh5 Kb4 36. Rxf5 Rb7 37. Rd5 Ka3 38. Rd2 a4 39. bxa4 bxa4 40. f5 h5 41. e4 Rb1 42. f6 h4 43. f7 Rb8 44. e5 h3 45. e6 Rh8 46. Rh2 1-0

[Event "RUS-ch (Women) 1st League"]
[Site "Serpukhov"]
[Date "2003.02.26"]
[Round "7"]
[White "Platonova, Lubov"]
[Black "Jarulina, Dinara"]
[Result "1/2-1/2"]
[WhiteElo "2018"]
[BlackElo "2180"]
[PlyCount "43"]
[EventDate "2003.02.20"]
[EventType "swiss"]
[EventRounds "9"]
[EventCountry "RUS"]
[SourceTitle "EXT 2004"]
[Source "ChessBase"]
[SourceDate "2003.11.25"]
[SourceVersion "1"]
[SourceVersionDate "2003.11.25"]
[SourceQuality "1"]

1. c4 e6 2. d4 b6 3. Nc3 Bb7 4. e4 Bb4 5. Bd3 f5 6. d5 fxe4 7. Bxe4 Nf6 8. Bg5 exd5 9. Bxd5 Bxd5 10. cxd5 Qe7+ 11. Nge2 Qe5 12. Bxf6 Qxf6 13. 0-0 0-0 14. a3 Bd6 15. Qb3 a5 16. Ng3 Na6 17. Nge4 Qh6 18. Nxd6 Qxd6 19. Ne4 Nc5 20. Nxc5 Qxc5 21. Rac1 Qd6 22. Qc4 1/2-1/2